| 000 | 00621nam a22002177a 4500 | ||
|---|---|---|---|
| 003 | OSt | ||
| 005 | 20181002183619.0 | ||
| 008 | 181002b xxu||||| |||| 00| 0 eng d | ||
| 020 | _a9781420084757 | ||
| 040 | _cDNLM | ||
| 082 | _aQV744 H526p 2009 | ||
| 100 |
_aHickey, Anthony J.; Ganderton, David. _912699 |
||
| 245 | _a Pharmaceutical Process Engineering | ||
| 250 | _a2nd ed. Vol.195 | ||
| 260 | _aNew York; Informa, 2009 | ||
| 300 | _axiv,222p; ill: 24cm | ||
| 504 | _aReferences, bibliography, & index included | ||
| 650 |
_aPharmaceutical engineering _911988 |
||
| 650 |
_aDrugs _91642 |
||
| 942 |
_2z _cSLOAN |
||
| 999 |
_c6146 _d6146 |
||